000 00946nam a2200241Ia 4500
008 100315s9999 xx 000 0 und d
020 _a0333346475 
040 _cENGLISH 
082 _b9458 
_a331 
100 _a"Robinson, Austin, Brahmananda, P.R., Deshpande, L.K. "
245 _aEmployment Policy in a Developing Country A Case-Study of India
260 _aLondon 
_bMacmillan Press  
_c1983 
300 _a363-738 
365 _eRupees 
_d
_b0.00 
366 _f
505 _gVaibhav Gaikwad 
530 _bDonated By RBI Library  
620 _a"Employment Policy in a Developing Country, India-Economic conditions, India-Economic policy, Labor policy-Developing countries, Labor policy-India, RBI Book "
630 _aEmployment Policy in a Developing Country A Case-Study of India
650 _aECONOMIC 
730 _aEmployment Policy in a Developing Country A Case-Study of India
942 _cBOOK
999 _c484192
_d484189